Αγροπεριβαλλοντική πολιτική και γεωργία : η περίπτωση κοινότητας με εντατική γεωργία : μεταπτυχιακή διατριβή
Αποθηκεύτηκε σε:
| Κύριος συγγραφέας: | |
|---|---|
| Συγγραφή απο Οργανισμό/Αρχή: | |
| Άλλοι συγγραφείς: | |
| Μορφή: | Thesis Βιβλίο |
| Γλώσσα: | Greek |
| Δημοσίευση: |
Μυτιλήνη :
Πανεπιστήμιο Αιγαίου, Τμήμα Περιβάλλοντος, Μεταπτυχιακό Πρόγραμμα Σπουδών στην Περιβαλλοντική Πολιτική και Διαχείριση,
2002
|
| Θέματα: | |
| Διαθέσιμο Online: | http://hdl.handle.net/11610/14940 |
| Ετικέτες: |
Προσθήκη ετικέτας
Δεν υπάρχουν, Καταχωρήστε ετικέτα πρώτοι!
|
MARC
| LEADER | 00000cam a2200000 i 4500 | ||
|---|---|---|---|
| 001 | 1/81352 | ||
| 008 | 050718s2002 gre d | ||
| 035 | |l 10079250 | ||
| 040 | |a GR-MY-UA |b gre |e aacr | ||
| 041 | 0 | |a gre | |
| 082 | 0 | |a 338.1 |2 (22) | |
| 100 | 1 | |a Σιανίδου, Μαρία. | |
| 245 | 1 | 0 | |a Αγροπεριβαλλοντική πολιτική και γεωργία : |b η περίπτωση κοινότητας με εντατική γεωργία : μεταπτυχιακή διατριβή / |c Σιανίδου Μαρία ; υπεύθυνη καθηγήτρια Χ. Γιούργα |
| 260 | |a Μυτιλήνη : |b Πανεπιστήμιο Αιγαίου, Τμήμα Περιβάλλοντος, Μεταπτυχιακό Πρόγραμμα Σπουδών στην Περιβαλλοντική Πολιτική και Διαχείριση, |c 2002 | ||
| 300 | |a 81 σ.; |b πιν.; |c 30 εκ. | ||
| 502 | |a Διατριβή (μεταπτυχιακή) – Πανεπιστήμιο Αιγαίου, Λέσβος, 2002. | ||
| 504 | |a Βιβλιογραφία: 59-62 | ||
| 650 | 0 | 0 | |a Sustainable agriculture |z Greece. |
| 650 | 0 | 0 | |a Rural development |z Greece. |
| 650 | 0 | 0 | |a Agriculture |x Environmental aspects |z Greece. |
| 650 | 0 | 0 | |a Dissertations, Academic |z Greece. |
| 700 | 1 | |a Γιούργα, Χριστίνα. |4 ths | |
| 710 | 2 | |a Πανεπιστήμιο Αιγαίου |b Σχολή Περιβάλλοντος |b Τμήμα Περιβάλλοντος |b Πρόγραμμα Μεταπτυχιακών Σπουδών Περιβαλλοντική Πολιτική και Διαχείριση. | |
| 852 | |a INST |b LESVOS |c DIATR |e 20050718 |h 149 |p 005100031516 |q 005100031516 |t MTXE |y 23 | ||
| 852 | |a INST |b LESVOS |c DIATR |e 20050729 |h 150 |p 005100031515 |q 005100031515 |t MTXE |y 23 | ||
| 856 | |u http://hdl.handle.net/11610/14940 | ||
| 901 | |a BIBL1-2005-2 | ||
| 909 | |a Λ |b 121469 | ||
| 909 | |a Λ |b 121470 | ||
| 924 | |a ΣΙΑΝΙΔΟΥ |b ΜΕΡΙΑ |y ΛΕΣΒΟΣ |z 2003-02 | ||
| 970 | |a ΜΑΡΙΝΑΤΟΥ |b ΜΥΡΣΙΝΗ |z 2005/07/18 | ||